Distributional Innovations of Copyrighted Works Under Conditions of Sustainability
Duševné vlastníctvo a vybrané inovatívne formy distribúcie a ochrany. Zákon o autorských právach. Proces a riadenie distribúcie duševného vlastníctva. Distribúciu nehmotných produktov v pandemických podmienkach.
Salvato in:
| Autore principale: | |
|---|---|
| Natura: | Capitolo di libro |
| Lingua: | inglese |
| Soggetti: | |
| Tags: |
Nessun Tag, puoi essere il primo ad aggiungerne!!
|
MARC
| LEADER | 00000naa$a2200000$$$4500 | ||
|---|---|---|---|
| 001 | 0270449 | ||
| 005 | 20240530065427.0 | ||
| 041 | 0 | |a eng | |
| 044 | |a FR | ||
| 245 | 1 | 0 | |a Distributional Innovations of Copyrighted Works Under Conditions of Sustainability |
| 520 | |a Duševné vlastníctvo a vybrané inovatívne formy distribúcie a ochrany. Zákon o autorských právach. Proces a riadenie distribúcie duševného vlastníctva. Distribúciu nehmotných produktov v pandemických podmienkach. | ||
| 610 | 2 | 0 | |a vlastníctvo duševné |
| 610 | 2 | 0 | |a inovácia |
| 610 | 2 | 0 | |a distribúcia |
| 610 | 2 | 0 | |a ochrana autorstva |
| 610 | 2 | 0 | |a právo autorské |
| 610 | 2 | 0 | |a pandémia |
| 100 | 1 | |a Matušovič, Martin | |